000 00485nam a22001937a 4500
003 MPLRDC
005 20220105061143.0
008 210129b ||||| |||| 00| 0 eng d
020 _a962-365-738-2
082 _a427.25 LYH
100 _a李银焕
245 _a海鲜美食
_c
250 _a初版再刷
260 _a香港
_b海滨图书公司(香港)
_c2002
300 _b
520 _a上架 2018-05-25。
650 _a海产类烹调法
942 _cBK
_o427.25 LYH
999 _c69606
_d69596